000 00673nam a2200217Ia 4500
003 OSt
005 20240716101352.0
008 210210b1969 xxu||||| |||| 00| 0 eng d
040 _cAL
041 _aKannada
082 _aK894.3 MUPB
100 _aMUPPALA RANGANAYAKAMMA.
_dಮುಪ್ಪಳ ರಂಗನಾಯಕಮ್ಮ
_9173595
245 _aBedi banda bhagya
_bಬೇಡಿ ಬಂದ ಭಾಗ್ಯ
260 _aBengalur
_bShyamala Bhandara
_c1969
300 _a192
650 _aBhimarav Yam Ji
_9173596
690 _aKannada Fiction
_9173597
700 _aM G Bhimarav.
_d ಎಂ ಜಿ ಭೀಮರಾವ್ tr.
_9173598
906 _a028169
942 _2ddc
_cBK
999 _c79425
_d79425